[Event "Elit(Eksjo-Limhamn)"]
[Site "?"]
[Date "2021.12.04"]
[Round "1"]
[White "Gdanski, Jacek"]
[Black "Brynell, Stellan"]
[Result "1/2-1/2"]
[WhiteElo "2499"]
[BlackElo "2423"]
[PlyCount "57"]

1. e4 e6 2. d4 d5 3. Nc3 dxe4 4. Nxe4 Be7 5. Nf3 Nf6 6. Nxf6+ Bxf6 7. c3 Nd7 8.
Be3 Nb6 9. Qc2 Nd5 10. Bd2 Qd6 11. O-O-O Bd7 12. Bc4 Bc6 13. Rhe1 Nb6 14. Be2
O-O-O 15. g3 Bd5 16. b3 h6 17. Bf4 Qc6 18. Ne5 Bxe5 19. Bxe5 f6 20. Bf4 g5 21.
Be3 Be4 22. Bd3 Bf3 23. Rd2 Nd5 24. Bc4 f5 25. Bxd5 Bxd5 26. Kb2 Rhf8 27. f4 g4
28. c4 Be4 29. Qc3 1/2-1/2

[Event "Elit(Stockholms SS-Vasteras)"]
[Site "?"]
[Date "2021.12.04"]
[Round "1"]
[White "Lissang, Christopher"]
[Black "Vaarala, Eric"]
[Result "1/2-1/2"]
[WhiteElo "345"]
[BlackElo "2295"]
[PlyCount "75"]

1. d4 d5 2. c4 c6 3. Nf3 e6 4. g3 f5 5. Bg2 Nf6 6. O-O Bd6 7. Qc2 O-O 8. Ne5
Nbd7 9. Nd3 Qe7 10. Bf4 Kh8 11. Nd2 Ne4 12. Nf3 g5 13. Bxd6 Nxd6 14. Nfe5 Nxe5
15. Nxe5 Qg7 16. e3 Nf7 17. Nd3 Bd7 18. b4 Nd6 19. c5 Nc4 20. Qc3 Rae8 21. Rfe1
e5 22. Nxe5 Nxe5 23. dxe5 Rxe5 24. f4 Re7 25. Qxg7+ Rxg7 26. Kf2 h6 27. a4 Rc8
28. Bf3 Re7 29. Rad1 a6 30. Ke2 Kg7 31. Kd3 Kf6 32. Kd4 Be8 33. Rb1 Rd8 34. Bg2
g4 35. Rbd1 h5 36. Bf1 Bd7 37. Bd3 h4 38. gxh4 1/2-1/2

[Event "Elit(Eksjo-Limhamn)"]
[Site "?"]
[Date "2021.12.04"]
[Round "1"]
[White "Schneider, Stefan"]
[Black "Malesevic, Nedeljko"]
[Result "1-0"]
[WhiteElo "2375"]
[BlackElo "2253"]
[PlyCount "87"]

1. d4 d5 2. c4 e6 3. Nc3 Nf6 4. cxd5 exd5 5. Bg5 Be7 6. e3 c6 7. Bd3 Nbd7 8.
Qc2 Nf8 9. Nf3 g6 10. O-O Ne6 11. Bh4 Ng7 12. b4 a6 13. Na4 O-O 14. Nc5 Nf5 15.
Bg5 Ne8 16. Bf4 Bd6 17. Be5 Nh4 18. Nxh4 Qxh4 19. e4 Bxe5 20. dxe5 Qf4 21. exd5
cxd5 22. Qb2 Ng7 23. g3 Qg5 24. Rfe1 Qe7 25. Bf1 Ne6 26. Na4 Ng5 27. Bg2 Be6
28. Qd4 Rad8 29. h4 Ne4 30. Bxe4 dxe4 31. Qxe4 Rd2 32. Nc5 Bd5 33. Qf4 Rxa2 34.
Rxa2 Bxa2 35. Ne4 Kg7 36. h5 h6 37. Nd6 Bd5 38. Qd4 Bc6 39. e6+ Kh7 40. hxg6+
fxg6 41. Qe5 Rf6 42. Ne4 Bxe4 43. Rxe4 g5 44. Qxf6 1-0

[Event "Elit(Stockholms SS-Vasteras)"]
[Site "?"]
[Date "2021.12.04"]
[Round "1"]
[White "Nilsson, Andre"]
[Black "Cederstam, Carl"]
[Result "0-1"]
[WhiteElo "2369"]
[BlackElo "2266"]
[PlyCount "108"]

1. g3 d5 2. Bg2 Nf6 3. Nf3 e6 4. O-O c5 5. d3 Nc6 6. Nbd2 Bd6 7. e4 O-O 8. Re1
Qc7 9. c3 b6 10. Qe2 Nd7 11. b3 Ba6 12. Bb2 Rad8 13. c4 d4 14. h3 Rde8 15. Nh2
Nb4 16. Ndf1 Ne5 17. Red1 b5 18. a3 Nbxd3 19. Rxd3 bxc4 20. Rdd1 Qb6 21. bxc4
d3 22. Rxd3 Nxd3 23. Qxd3 Qxb2 24. Qxd6 Bxc4 25. Qd1 Rb8 26. Nf3 Bd3 27. Ne1
Bb1 28. Rxb1 Qxb1 29. Qd2 Rfd8 30. Qa5 Rd1 31. Nf3 c4 32. N3d2 Qd3 33. Qxa7 Rd8
34. Qa4 Qxd2 35. Qxc4 Qd4 36. Qb5 Qd3 37. Qc5 Ra1 38. a4 Qd4 39. Qc7 Qd7 40.
Qb6 Qd4 41. Qc7 Qd6 42. Qc3 Qa3 43. Qc7 Rdd1 44. Qc6 Qd6 45. Qb5 Qd7 46. Qb8+
Qd8 47. Qb5 Ra2 48. Bf3 Rda1 49. Kg2 Rxa4 50. Ne3 Ra5 51. Qb4 R1a4 52. Qb7 h5
53. Qc6 Ra2 54. Nc4 Qd4 0-1

[Event "Elit(Eksjo-Limhamn)"]
[Site "?"]
[Date "2021.12.04"]
[Round "1"]
[White "Vernersson, Per"]
[Black "Lindgren, Philip"]
[Result "0-1"]
[WhiteElo "2253"]
[BlackElo "2357"]
[PlyCount "84"]

1. d4 Nf6 2. c4 e6 3. Nf3 d5 4. Nc3 Nbd7 5. cxd5 exd5 6. Bg5 c6 7. e3 h6 8.
Bxf6 Nxf6 9. Qc2 Bd6 10. h3 Qe7 11. Bd3 g6 12. a3 a5 13. O-O O-O 14. Rfe1 Re8
15. e4 dxe4 16. Nxe4 Nxe4 17. Bxe4 Qf6 18. Re3 Kg7 19. Rae1 Bd7 20. Qb3 b5 21.
a4 Rac8 22. Qd1 Rcd8 23. b3 bxa4 24. bxa4 c5 25. dxc5 Bxc5 26. Rd3 Be6 27. Rxd8
Rxd8 28. Qc2 Bb4 29. Rd1 Rc8 30. Qd3 Rc3 31. Qb5 Bb3 32. Rb1 Bc4 33. Qb7 Ra3
34. Bd5 Bxd5 35. Qxd5 Rxa4 36. Ne5 Ra3 37. Nd7 Qd6 38. Qb5 Rd3 39. Nb6 Rd1+ 40.
Rxd1 Qxd1+ 41. Kh2 Qd6+ 42. g3 Qc5 0-1

[Event "Elit(Stockholms SS-Vasteras)"]
[Site "?"]
[Date "2021.12.04"]
[Round "1"]
[White "Olund, Joar"]
[Black "Norberg, Erik"]
[Result "1-0"]
[WhiteElo "2340"]
[BlackElo "2235"]
[PlyCount "75"]

1. d4 g6 2. e4 Bg7 3. Nf3 d6 4. Be2 Nf6 5. Nc3 O-O 6. O-O c6 7. a4 Qc7 8. Bf4
Nh5 9. Be3 e5 10. Qd2 Bg4 11. h3 Bxf3 12. Bxf3 Nf6 13. dxe5 dxe5 14. Rfd1 Na6
15. Qd6 Qa5 16. Bg5 Ne8 17. Qe7 Nec7 18. Bg4 Rfe8 19. Qa3 Ne6 20. Bxe6 Rxe6 21.
Qb3 Bf8 22. Be3 Qb4 23. Qxb4 Bxb4 24. Rd7 b6 25. Rad1 Bc5 26. Bh6 Bd4 27. Ne2
Bxb2 28. Rxa7 Ree8 29. Rxa8 Rxa8 30. Rb1 Ba3 31. Rxb6 Nc5 32. Nc3 f5 33. Rxc6
Nxa4 34. Nd5 Bf8 35. Nf6+ Kf7 36. Bxf8 Kxf8 37. Nxh7+ Kg7 38. Ng5 1-0

[Event "Elit(Eksjo-Limhamn)"]
[Site "?"]
[Date "2021.12.04"]
[Round "1"]
[White "Jepson, Christian"]
[Black "Rothen, Hakan"]
[Result "1/2-1/2"]
[WhiteElo "2402"]
[BlackElo "2240"]
[PlyCount "65"]

1. d4 e6 2. c4 f5 3. g3 Nf6 4. Bg2 d5 5. Nf3 Bd6 6. O-O O-O 7. Nc3 c6 8. Bf4
Bxf4 9. gxf4 Nbd7 10. b3 b6 11. cxd5 cxd5 12. Qd3 Qe7 13. Rfc1 Bb7 14. Rc2 Rfc8
15. Rac1 Qa3 16. Qe3 Qe7 17. Nb5 Rxc2 18. Rxc2 Ne8 19. Qc1 a6 20. Nc7 Rd8 21.
Nxe8 Qxe8 22. Rc7 Rc8 23. Ne5 Nxe5 24. fxe5 Qd8 25. Rc3 Rxc3 26. Qxc3 Qc8 27.
Qxc8+ Bxc8 28. e3 Kf7 29. f3 Bb7 30. Kf2 g5 31. Kg3 Kg6 32. Bf1 h6 33. Bd3
1/2-1/2

[Event "Elit(Stockholms SS-Vasteras)"]
[Site "?"]
[Date "2021.12.04"]
[Round "1"]
[White "Eriksson, Anders"]
[Black "Thorn, Eric"]
[Result "0-1"]
[WhiteElo "2225"]
[BlackElo "2313"]
[PlyCount "72"]

1. Nf3 d5 2. d4 Nf6 3. g3 e6 4. Bg2 Be7 5. O-O O-O 6. c4 dxc4 7. Qc2 a6 8. a4
Bd7 9. Qxc4 Bc6 10. Bg5 Bd5 11. Qc2 Be4 12. Qb3 Bd5 13. Qd1 c5 14. dxc5 Bxc5
15. Nc3 Bc6 16. Ne5 Bxg2 17. Kxg2 Bd4 18. Bxf6 gxf6 19. Nd3 f5 20. e4 fxe4 21.
Nxe4 Nc6 22. Rc1 Qe7 23. Qb3 Na5 24. Qc2 Rac8 25. Qxc8 Rxc8 26. Rxc8+ Kg7 27.
b4 Nc6 28. b5 Qd7 29. Ra8 Qd5 30. Re1 Ne5 31. Nf4 Qb3 32. Nh5+ Kh6 33. Nhf6
Qf3+ 34. Kh3 Nd3 35. Ng4+ Kh5 36. Rg8 Nf4# 0-1

[Event "Elit(Eksjo-Limhamn)"]
[Site "?"]
[Date "2021.12.04"]
[Round "1"]
[White "Krantz, Christopher"]
[Black "Ziegler, Ari"]
[Result "0-1"]
[WhiteElo "2245"]
[BlackElo "2323"]
[PlyCount "182"]
[SourceDate "2021.12.07"]

1. d4 Nf6 2. Nf3 e6 3. Bg5 d5 4. e3 h6 5. Bh4 c5 6. c3 Nc6 7. Nbd2 g5 8. Bg3
Nh5 9. Bd3 Nxg3 10. hxg3 Bg7 11. dxc5 Qe7 12. Nb3 e5 13. e4 Be6 14. Qc2 a5 15.
exd5 Bxd5 16. Be4 Be6 17. O-O a4 18. Nbd2 Qxc5 19. Bf5 Qe7 20. Rfe1 O-O 21. g4
Rfd8 22. Ne4 b5 23. Ng3 Rac8 24. Bxe6 Qxe6 25. Qf5 Qxf5 26. Nxf5 f6 27. Rad1
Bf8 28. Nd2 Kf7 29. Ne4 Ke6 30. Ne3 Na5 31. Kf1 b4 32. Rxd8 Rxd8 33. cxb4 Bxb4
34. Rc1 Rd4 35. f3 Bd2 36. Rc5 Nb7 37. Rb5 Rxe4 38. fxe4 Nd6 39. Rb8 Bxe3 40.
Rb4 Bd4 41. Rxa4 Bxb2 42. Ke2 Bd4 43. Ra6 Kd7 44. Kd3 Kc7 45. Ra8 Nc8 46. Ra6
Bb6 47. Ra4 Kc6 48. Ra8 Kb7 49. Ra3 Nd6 50. Rc3 Bd4 51. Rc1 Bb6 52. Rh1 Nf7 53.
Rf1 Bd8 54. a4 Nd6 55. Rh1 Kc6 56. Rc1+ Kd7 57. Ra1 Nb7 58. Kc4 Kc6 59. Ra2 Bb6
60. Ra1 Bd8 61. Ra2 Na5+ 62. Kd3 Nb3 63. Kc4 Na5+ 64. Kd3 Bb6 65. Rc2+ Kd6 66.
Rb2 Kc6 67. Rc2+ Bc5 68. Rc1 Nb7 69. Rc2 Nd8 70. a5 Ne6 71. Kc4 Bd4 72. a6 Kb6
73. Ra2 Ka7 74. Ra5 Nf4 75. Ra2 h5 76. g3 hxg4 77. gxf4 gxf4 78. Kb5 g3 79. Rc2
f3 80. Rc7+ Kb8 81. Rb7+ Kc8 82. Kc6 g2 83. a7 Bxa7 84. Rxa7 Kd8 85. Kd6 Ke8
86. Ke6 Kf8 87. Kxf6 Kg8 88. Ra8+ Kh7 89. Ra7+ Kh6 90. Ra8 Kh5 91. Kf5 Kh4 0-1

[Event "Elit(Stockholms SS-Vasteras)"]
[Site "?"]
[Date "2021.12.04"]
[Round "1"]
[White "Renman, Nils-Gustaf"]
[Black "Kretz, Johan"]
[Result "1-0"]
[WhiteElo "2301"]
[BlackElo "2211"]
[PlyCount "87"]

1. d4 Nf6 2. c4 e6 3. Nf3 Bb4+ 4. Bd2 Qe7 5. g3 Nc6 6. Bg2 Bxd2+ 7. Nbxd2 d6 8.
O-O a5 9. a3 O-O 10. b3 e5 11. d5 Nb8 12. e4 Bg4 13. Qc2 c6 14. Qb2 Na6 15. h3
Bxf3 16. Bxf3 g6 17. Bg2 Nc5 18. b4 axb4 19. axb4 Na6 20. dxc6 bxc6 21. Ra4 Qb7
22. Rfa1 c5 23. b5 Nb4 24. Qb3 Nd7 25. h4 Nb6 26. R4a3 Rxa3 27. Rxa3 Ra8 28. h5
Rxa3 29. Qxa3 Nc2 30. Qa5 gxh5 31. Bf3 h4 32. gxh4 Nd4 33. Bg4 f6 34. Kh2 Kg7
35. Bh3 h5 36. Bf5 Ne2 37. Qa6 Qxa6 38. bxa6 Nd4 39. Nb1 Nxf5 40. exf5 Nxc4 41.
Nc3 Nb6 42. a7 Kf7 43. Kg3 Na8 44. Nd5 1-0

[Event "Elit(Vaxjo-LASK)"]
[Site "?"]
[Date "2021.12.04"]
[Round "1"]
[White "Thybo, Jesper Sondergaard"]
[Black "Solodovnichenko, Yuri"]
[Result "1/2-1/2"]
[WhiteElo "2604"]
[BlackElo "2561"]
[PlyCount "73"]
[EventDate "2021.??.??"]
[SourceDate "2021.12.06"]

1. d4 d5 2. c4 dxc4 3. e3 e6 4. Bxc4 Nf6 5. Nf3 c5 6. O-O a6 7. e4 b5 8. Be2
Bb7 9. e5 Ne4 10. Nc3 Be7 11. a4 b4 12. Nxe4 Bxe4 13. Be3 cxd4 14. Nxd4 Nd7 15.
f4 Nc5 16. Bc4 Qd7 17. Qe2 O-O 18. Rad1 Qxa4 19. f5 exf5 20. Nxf5 Bxf5 21. Rxf5
Ne6 22. Rxf7 Rxf7 23. Bxe6 Raf8 24. Rf1 Qc6 25. Qc4 Qxc4 26. Bxc4 g5 27. Ra1
Rc8 28. Bxf7+ Kxf7 29. Rxa6 Rc2 30. e6+ Kg6 31. Ra7 Re2 32. Rxe7 Rxe3 33. Rb7
Rb3 34. e7 Kf7 35. e8=Q+ Kxe8 36. Rxh7 Rxb2 37. h3 1/2-1/2

[Event "Elit(Kungstornet-Rockaden,Sthlm)"]
[Site "?"]
[Date "2021.12.04"]
[Round "1"]
[White "Blomqvist, Erik"]
[Black "von Bahr, Oskar"]
[Result "1-0"]
[WhiteElo "2542"]
[BlackElo "2389"]
[PlyCount "91"]
[SourceDate "2021.12.07"]

1. e4 e5 2. Nf3 Nc6 3. Bb5 a6 4. Ba4 Nf6 5. O-O Be7 6. Re1 b5 7. Bb3 O-O 8. a4
b4 9. a5 d6 10. d3 Bg4 11. Be3 Qc8 12. Nbd2 h6 13. h3 Be6 14. Nc4 Rb8 15. Qe2
Rd8 16. Nfd2 Bf8 17. Qf3 Kh7 18. Ba4 Qb7 19. c3 Ne7 20. d4 Ng6 21. d5 Bd7 22.
Bxd7 Rxd7 23. Rec1 Be7 24. cxb4 Qxb4 25. Rc3 Qb7 26. Rac1 Kg8 27. g3 Qa8 28.
Nf1 Rdd8 29. h4 Rb4 30. Bd2 Nd7 31. Nfe3 Bf8 32. Nf5 Ne7 33. Nxe7+ Bxe7 34.
R3c2 Rb7 35. Ne3 Qb8 36. b4 Bf8 37. Rc6 Ra7 38. Nf5 Qb7 39. Qc3 Nf6 40. Be3 g6
41. Bxa7 gxf5 42. Rxc7 Qb5 43. Qf3 Nxe4 44. Qxf5 Qxd5 45. Be3 Re8 46. R1c4 1-0

[Event "Elit(Vaxjo-LASK)"]
[Site "?"]
[Date "2021.12.04"]
[Round "1"]
[White "Hillarp, Tiger"]
[Black "Mauritsson, Sebastian"]
[Result "1-0"]
[WhiteElo "2528"]
[BlackElo "2390"]
[PlyCount "57"]
[EventDate "2021.??.??"]

1. c4 c6 2. Nf3 d5 3. e3 Nf6 4. Nc3 e6 5. b3 Bd6 6. Bb2 O-O 7. Be2 Re8 8. d4
Nbd7 9. O-O b6 10. Qc2 Bb7 11. Rad1 Qe7 12. Rfe1 Rad8 13. Bf1 a6 14. e4 dxe4
15. Nxe4 Nxe4 16. Rxe4 Qf8 17. c5 bxc5 18. dxc5 Bxc5 19. Rg4 g6 20. Ng5 Be7 21.
Nxe6 fxe6 22. Rxg6+ Kf7 23. Rxe6 Nf6 24. Rde1 Rd6 25. Bc4 Rxe6 26. Rxe6 Kg7 27.
Qf5 h6 28. Qg4+ Kh8 29. Qg6 1-0

[Event "Elit(Kungstornet-Rockaden,Sthlm)"]
[Site "?"]
[Date "2021.12.04"]
[Round "1"]
[White "Lyrberg, Patrik"]
[Black "Hedman, Erik"]
[Result "1-0"]
[WhiteElo "2465"]
[BlackElo "2368"]
[PlyCount "83"]

1. Nf3 d6 2. d4 g6 3. c3 Bg7 4. e4 Nd7 5. Bc4 e6 6. Qe2 Ne7 7. h4 h6 8. Bf4 a6
9. a4 b6 10. e5 d5 11. Bd3 c5 12. b4 Nc6 13. b5 axb5 14. Bxb5 Bb7 15. Na3 c4
16. O-O Bf8 17. Nc2 Na5 18. Ne3 Bc6 19. Ng4 Qc7 20. Qe3 Nb3 21. Rae1 Bxb5 22.
axb5 Ra5 23. Nf6+ Nxf6 24. exf6 Qc8 25. h5 g5 26. Bg3 Rxb5 27. Ne5 Rg8 28. f4
Nc5 29. f5 exf5 30. Nxc4+ Ne4 31. Nd2 f4 32. Qd3 Ra5 33. Nxe4 dxe4 34. Qxe4+
Kd7 35. Qh7 Bd6 36. Qxf7+ Kc6 37. Bf2 Rf8 38. Qb3 Rxf6 39. c4 Kb7 40. c5 Bb8
41. Re7+ Ka8 42. cxb6 1-0

[Event "Elit(Vaxjo-LASK)"]
[Site "?"]
[Date "2021.12.04"]
[Round "1"]
[White "Dragicevic, Drazen"]
[Black "Sumets, Andrey"]
[Result "0-1"]
[WhiteElo "2365"]
[BlackElo "2527"]
[PlyCount "76"]

1. Nf3 c5 2. c4 g6 3. d4 cxd4 4. Nxd4 Bg7 5. e4 Nc6 6. Be3 Nf6 7. Nc3 O-O 8.
Be2 d6 9. O-O Bd7 10. f3 Nxd4 11. Bxd4 a5 12. Qd2 Bc6 13. b3 Nd7 14. Be3 Nc5
15. Rab1 Be5 16. a3 e6 17. b4 axb4 18. axb4 Qf6 19. Nb5 Qh4 20. g3 Bxg3 21. Bd1
Nxe4 22. fxe4 Bxe4 23. Rb3 Be5 24. Nxd6 Rfd8 25. c5 Bd5 26. Rd3 Ra2 27. Rxd5
Bxh2+ 28. Kg2 Rxd2+ 29. Rxd2 Be5 30. Rf3 Qxb4 31. Nc4 Rxd2+ 32. Nxd2 h5 33. Bb3
Qg4+ 34. Kf2 h4 35. Nc4 Bg3+ 36. Ke2 h3 37. Nd6 h2 38. Nxf7 Qxf3+ 0-1

[Event "Elit(Kungstornet-Rockaden,Sthlm)"]
[Site "?"]
[Date "2021.12.04"]
[Round "1"]
[White "Seo, Jung Min"]
[Black "Eriksson, Johan"]
[Result "1-0"]
[WhiteElo "2455"]
[BlackElo "2380"]
[PlyCount "97"]

1. d4 Nf6 2. c4 g6 3. Nc3 d5 4. cxd5 Nxd5 5. e4 Nxc3 6. bxc3 Bg7 7. Nf3 c5 8.
Bb5+ Nc6 9. O-O O-O 10. Bxc6 bxc6 11. Qc2 cxd4 12. cxd4 Bg4 13. Ne5 Qxd4 14.
Bb2 Qb6 15. Rab1 Bxe5 16. Bxe5 Qa5 17. Ba1 Rab8 18. Rxb8 Rxb8 19. Qxc6 Qxa2 20.
Qc7 Re8 21. Qc3 f6 22. e5 Rc8 23. Qd4 Qc4 24. Qb2 Qe2 25. Qb3+ Qc4 26. Qa3 Qf7
27. Qxa7 Be6 28. exf6 exf6 29. Qd4 Kg7 30. Re1 h5 31. h3 Rc6 32. Qf4 Bd7 33. h4
Re6 34. Rd1 Qe7 35. Bc3 Be8 36. f3 Bf7 37. Bb4 Qa7+ 38. Kh1 Qf2 39. Rd8 Re8 40.
Bc3 Qb6 41. Rd6 Qb1+ 42. Kh2 Qf5 43. Bxf6+ Kh7 44. Qd4 Bb3 45. Rc6 Rf8 46. Rc7+
Bf7 47. Qd6 Kg8 48. Bc3 g5 49. Qh6 1-0

[Event "Elit(Vaxjo-LASK)"]
[Site "?"]
[Date "2021.12.04"]
[Round "1"]
[White "Lindberg, Bengt"]
[Black "Ahlander, Bjorn"]
[Result "0-1"]
[WhiteElo "2378"]
[BlackElo "2358"]
[PlyCount "124"]

1. e4 c5 2. Nf3 d6 3. d4 cxd4 4. Nxd4 Nf6 5. Nc3 a6 6. Be3 e5 7. Nb3 Be6 8. f3
h5 9. Nd5 Bxd5 10. exd5 Nbd7 11. Be2 g6 12. Qd2 Bg7 13. O-O O-O 14. Na5 Qc7 15.
c4 Kh7 16. Rac1 b6 17. Nc6 a5 18. h3 Nb8 19. Nxb8 Raxb8 20. b3 Rbe8 21. a3 Ng8
22. b4 axb4 23. axb4 Bh6 24. Rfd1 Bxe3+ 25. Qxe3 Nf6 26. c5 bxc5 27. bxc5 Qa7
28. Qf2 dxc5 29. Ra1 Qb8 30. Ra6 Nd7 31. Qf1 Qb4 32. Bb5 Rd8 33. Ra4 Qb2 34.
Qd3 Nb6 35. Rb1 Rxd5 36. Qe4 Qd2 37. Ra6 Nc8 38. Bc6 Qd4+ 39. Qxd4 Rxd4 40. Rb8
c4 41. Ra3 Kg7 42. Rb5 f6 43. Rc5 Nd6 44. Bd5 Rc8 45. Ra7+ Kh6 46. Rxc8 Nxc8
47. Rc7 Rxd5 48. Rxc8 Rd4 49. Rc6 Kg5 50. Kf2 Rd2+ 51. Kf1 Rd4 52. Kf2 h4 53.
Ke2 Kf5 54. Ke1 e4 55. Ke2 exf3+ 56. gxf3 g5 57. Ke3 Rd3+ 58. Ke2 Rc3 59. Kf2
Ke5 60. Ke2 f5 61. Rc8 Kf4 62. Rc5 Re3+ 0-1

[Event "Elit(Kungstornet-Rockaden,Sthlm)"]
[Site "?"]
[Date "2021.12.04"]
[Round "1"]
[White "Couso, Luis"]
[Black "Bator, Robert"]
[Result "1/2-1/2"]
[WhiteElo "266"]
[BlackElo "2356"]
[PlyCount "30"]

1. c4 e6 2. g3 d5 3. Bg2 dxc4 4. Nf3 Nd7 5. Na3 Bxa3 6. bxa3 Nb6 7. Bb2 Nf6 8.
Qc2 Bd7 9. Ne5 Ba4 10. Qc1 Nfd5 11. Nxc4 O-O 12. Na5 Rb8 13. O-O Bb5 14. Bxg7
Bxe2 15. Re1 Kxg7 1/2-1/2

[Event "Elit(Vaxjo-LASK)"]
[Site "?"]
[Date "2021.12.04"]
[Round "1"]
[White "Storme, Isak"]
[Black "Fransson, Patrick"]
[Result "1-0"]
[WhiteElo "2350"]
[BlackElo "2150"]
[PlyCount "73"]

1. e4 c6 2. d4 d5 3. e5 c5 4. dxc5 Nc6 5. f4 e6 6. Be3 d4 7. Bf2 Bxc5 8. Bd3
Nge7 9. a3 a5 10. Nd2 Nd5 11. Qg4 g5 12. Ne4 Be7 13. fxg5 Nxe5 14. Qg3 Nxd3+
15. cxd3 Rg8 16. Qh4 Bxg5 17. Qxh7 Rf8 18. Nf3 Nf6 19. Nxf6+ Bxf6 20. O-O Ra6
21. Bh4 Bxh4 22. Nxh4 Qg5 23. Rae1 Rd6 24. Nf5 Rb6 25. Rf2 Bd7 26. Nxd4 Qc5 27.
Qe4 Kd8 28. Rc2 Qd6 29. Nf3 Bc6 30. Qe3 Rb5 31. Ne5 Bd5 32. Rec1 Bc6 33. Nxc6+
bxc6 34. Rxc6 Qd7 35. Qh6 Re8 36. Qf6+ Re7 37. Rc8+ 1-0

[Event "Elit(Kungstornet-Rockaden,Sthlm)"]
[Site "?"]
[Date "2021.12.04"]
[Round "1"]
[White "Barkhagen, Jonas"]
[Black "Andersson, Fredrik"]
[Result "1/2-1/2"]
[WhiteElo "2439"]
[BlackElo "2284"]
[PlyCount "41"]

1. d4 Nf6 2. c4 g6 3. Nc3 Bg7 4. e4 d6 5. Nge2 O-O 6. Ng3 e5 7. d5 a5 8. Be2
Na6 9. O-O Bd7 10. Rb1 Nc5 11. Be3 h5 12. Bg5 Qe8 13. Qd2 Nh7 14. Bh6 h4 15.
Nh1 Qe7 16. Bxg7 Kxg7 17. Rbe1 Qg5 18. f4 exf4 19. Rxf4 Rae8 20. Qd4+ Qe5 21.
Rd1 1/2-1/2

[Event "Elit(Vaxjo-LASK)"]
[Site "?"]
[Date "2021.12.04"]
[Round "1"]
[White "Lindborg, Patrik"]
[Black "Jogstad, Martin"]
[Result "0-1"]
[WhiteElo "2137"]
[BlackElo "2348"]
[PlyCount "102"]

1. d4 d5 2. c4 e6 3. Nf3 a6 4. cxd5 exd5 5. Nc3 h6 6. Bf4 Nf6 7. h3 Bd6 8. Bxd6
Qxd6 9. e3 Nc6 10. Bd3 O-O 11. O-O Ne7 12. Qc2 g6 13. Rfd1 Bf5 14. Rac1 Bxd3
15. Qxd3 Nf5 16. e4 dxe4 17. Nxe4 Nxe4 18. Qxe4 c6 19. d5 Rfe8 20. Qc4 cxd5 21.
Qxd5 Qxd5 22. Rxd5 Rad8 23. Rxd8 Rxd8 24. Rc7 Rd1+ 25. Kh2 Nd6 26. Kg3 Kg7 27.
Kf4 Kf6 28. Ke3 Rb1 29. Rc2 Rxb2 30. Rxb2 Nc4+ 31. Kd4 Nxb2 32. Kc5 Na4+ 33.
Kd6 Nc3 34. Ne5 Nxa2 35. Nd7+ Kf5 36. Nc5 b5 37. Nxa6 b4 38. Nc5 Nc1 39. f3 b3
40. Ne4 b2 41. Nd2 Ne2 42. Ke7 f6 43. g4+ Kg5 44. h4+ Kxh4 45. Kxf6 Nf4 46. Kg7
h5 47. gxh5 gxh5 48. Kh6 Kg3 49. Kg5 h4 50. Nf1+ Kf2 51. Nd2 h3 0-1

[Event "Elit(Kungstornet-Rockaden,Sthlm)"]
[Site "?"]
[Date "2021.12.04"]
[Round "1"]
[White "Glimbrant, Torbjorn"]
[Black "Olsson, Krister"]
[Result "0-1"]
[WhiteElo "239"]
[BlackElo "2341"]
[PlyCount "46"]

1. d4 Nf6 2. Nf3 c5 3. e3 g6 4. c4 Bg7 5. Nc3 cxd4 6. exd4 d5 7. cxd5 Nxd5 8.
Bb5+ Nc6 9. O-O O-O 10. Re1 Bg4 11. Be2 e6 12. Be3 Qa5 13. Qb3 Bxf3 14. Bxf3
Nxd4 15. Bxd4 Bxd4 16. Nxd5 exd5 17. Bxd5 Rad8 18. Bc4 Rd6 19. Re7 Qf5 20. Rxb7
Qxf2+ 21. Kh1 Rf6 22. Qg3 Qxg3 23. hxg3 g5 0-1

[Event "Elit(Vaxjo-LASK)"]
[Site "?"]
[Date "2021.12.04"]
[Round "1"]
[White "Kucuksari, Kaan"]
[Black "Alle Wahlin, Ambjorn"]
[Result "1-0"]
[WhiteElo "2331"]
[BlackElo "2290"]
[PlyCount "61"]
[EventDate "2021.??.??"]

1. d4 d5 2. Nf3 Nf6 3. c4 c6 4. Qc2 g6 5. Bf4 Bf5 6. Qb3 Qb6 7. e3 Bg7 8. Nc3
O-O 9. Be2 dxc4 10. Bxc4 Nbd7 11. h3 c5 12. O-O Qxb3 13. Bxb3 cxd4 14. exd4
Rac8 15. Rfe1 e6 16. Nb5 Bd3 17. Nd6 Ra8 18. Rad1 Ba6 19. Ng5 Nd5 20. Bxd5 exd5
21. Re7 Nb8 22. Ngxf7 Nc6 23. Rd7 Rxf7 24. Nxf7 Nxd4 25. Be5 Ne2+ 26. Kh2 Bxe5+
27. Nxe5 d4 28. Nf3 Rf8 29. Nxd4 Nxd4 30. R1xd4 Rxf2 31. Rc7 1-0

[Event "Elit(Kungstornet-Rockaden,Sthlm)"]
[Site "?"]
[Date "2021.12.04"]
[Round "1"]
[White "Zadruzny, Nicolaj"]
[Black "Larsson, Anders"]
[Result "0-1"]
[WhiteElo "2351"]
[BlackElo "2203"]
[PlyCount "126"]

1. d4 e6 2. Nf3 Nf6 3. c4 Bb4+ 4. Bd2 Bxd2+ 5. Qxd2 d5 6. Nc3 O-O 7. e3 Qe7 8.
Rc1 c6 9. Bd3 Nbd7 10. cxd5 exd5 11. O-O Ne4 12. Qc2 f5 13. Rce1 Rf6 14. Nd2
Re6 15. Ne2 Nf8 16. Nf4 Rh6 17. g3 g5 18. Ng2 Bd7 19. f4 Nxd2 20. Qxd2 Re8 21.
Qc2 gxf4 22. Rxf4 Ne6 23. Rff1 Ng7 24. Rf2 Re6 25. Bxf5 Nxf5 26. Rxf5 Re4 27.
Rf4 Qg7 28. Qf2 Rxf4 29. Nxf4 Rf8 30. e4 dxe4 31. Rxe4 Qf7 32. Re5 Bf5 33. b3
Bg6 34. Qe3 Rd8 35. h4 Qd7 36. Ne6 Re8 37. Nc5 Rxe5 38. Qxe5 Qg4 39. Qe6+ Qxe6
40. Nxe6 Bb1 41. a3 Bf5 42. Nf4 a5 43. Kf2 Bc2 44. b4 axb4 45. axb4 Kf7 46. g4
Kf6 47. Kg3 Bb1 48. Ne2 Bd3 49. Nc3 Bc2 50. Kf4 Ke6 51. Kg5 Kf7 52. Kh6 Kf6 53.
h5 Kf7 54. g5 Bf5 55. Ne2 Bd3 56. Nf4 Be4 57. Ne2 Bd3 58. Nc3 Bf5 59. Na4 Ke6
60. Nb6 Bd3 61. Kg7 Ke7 62. Na4 Bc2 63. Nc3 Ke6 0-1

[Event "Elit(Vaxjo-LASK)"]
[Site "?"]
[Date "2021.12.04"]
[Round "1"]
[White "Olofsson-Dolk, Mattis"]
[Black "Nord, Alexander"]
[Result "1/2-1/2"]
[WhiteElo "2179"]
[BlackElo "2178"]
[PlyCount "67"]

1. e4 c5 2. Nf3 d6 3. d4 cxd4 4. Nxd4 Nf6 5. Nc3 a6 6. h3 e5 7. Nde2 h5 8. Bg5
Be6 9. Bxf6 Qxf6 10. Nd5 Qd8 11. Qd3 Nd7 12. O-O-O g6 13. Nec3 Nc5 14. Qf3 Bg7
15. Kb1 O-O 16. g4 h4 17. Ne3 b5 18. Rg1 Qg5 19. Be2 Rfd8 20. Ncd5 Bxd5 21.
Nxd5 Ne6 22. c3 Nf4 23. Nxf4 exf4 24. Rd5 Qe7 25. Qxf4 Be5 26. Qe3 g5 27. Rgd1
Kg7 28. Bd3 Rab8 29. a3 Bf4 30. Qf3 Be5 31. Qe3 Bf4 32. Qe2 Be5 33. Bc2 Rb6 34.
Bd3 1/2-1/2

[Event "Elit(Kungstornet-Rockaden,Sthlm)"]
[Site "?"]
[Date "2021.12.04"]
[Round "1"]
[White "Henriksson, Johan"]
[Black "Crevatin, Leo"]
[Result "1/2-1/2"]
[WhiteElo "2227"]
[BlackElo "2243"]
[PlyCount "70"]

1. d4 d5 2. Nf3 Nf6 3. c4 e6 4. g3 dxc4 5. Qa4+ Nbd7 6. Bg2 a6 7. Qxc4 b5 8.
Qc2 Bb7 9. O-O c5 10. a4 cxd4 11. Nxd4 Rc8 12. Qd1 Bxg2 13. Kxg2 Qb6 14. axb5
axb5 15. Nc3 b4 16. Na4 Qb7+ 17. Kg1 Be7 18. Qb3 O-O 19. Rd1 Rfd8 20. Bg5 h6
21. Bxf6 Nxf6 22. Qf3 Rd5 23. Nb3 Rxd1+ 24. Rxd1 Qb5 25. Ra1 e5 26. Qd3 Qxd3
27. exd3 Nd5 28. Rc1 Ra8 29. Nbc5 Bxc5 30. Rxc5 Rxa4 31. Rxd5 Ra2 32. Rxe5 Rxb2
33. Rb5 Rd2 34. Rxb4 Rxd3 35. h4 g6 1/2-1/2

[Event "Elit(Eksjo-Limhamn)"]
[Site "?"]
[Date "2021.12.04"]
[Round "1"]
[White "Hector, Jonny"]
[Black "Heberla, Bartlomiej"]
[Result "0-1"]
[WhiteElo "2447"]
[BlackElo "2560"]
[PlyCount "124"]

1. e4 c6 2. Nc3 d5 3. Nf3 Bg4 4. h3 Bxf3 5. Qxf3 e6 6. g3 Nf6 7. Bg2 Bb4 8. O-O
Nbd7 9. Re1 Ne5 10. Qd1 d4 11. a3 Be7 12. Ne2 d3 13. Nf4 dxc2 14. Qxc2 g5 15.
Qc3 gxf4 16. Qxe5 fxg3 17. Qxg3 Rg8 18. Qc3 Nh5 19. Qf3 Qa5 20. e5 Qd5 21. Qxd5
cxd5 22. d4 Bg5 23. Kh2 Kd7 24. Be3 Bf4+ 25. Bxf4 Nxf4 26. Bf1 Rac8 27. Re3 Rg5
28. Rf3 Rf5 29. Rd1 Rc2 30. b4 Ke7 31. h4 f6 32. exf6+ Kxf6 33. Kg3 Nh5+ 34.
Kg4 Ng7 35. Bd3 h5+ 36. Kg3 Rxf3+ 37. Kxf3 Rc3 38. Ke2 Rxa3 39. Rc1 Ra4 40. b5
Rxd4 41. Rc7 Rxh4 42. Rxb7 Ra4 43. Kf1 e5 44. b6 axb6 45. Rxb6+ Ne6 46. Ba6
Ra1+ 47. Kg2 Rc1 48. f3 Rc3 49. Kg3 Kf5 50. Rd6 Nf4 51. Rd8 h4+ 52. Kxh4 Rxf3
53. Bc8+ Ke4 54. Bb7 Rb3 55. Ba8 Rb6 56. Kg3 Rg6+ 57. Kh2 Ke3 58. Rb8 d4 59.
Rb3+ d3 60. Bb7 e4 61. Rb4 Kf2 62. Rb2+ Kf3 0-1